Flujo de tránsito en los cuatro distritos centrales de San José
Αποθηκεύτηκε σε:
| Κύριος συγγραφέας: | |
|---|---|
| Μορφή: | Άγνωστο |
| Έκδοση: |
[San José, Costa Rica]
1986
|
| Θέματα: | |
| Ετικέτες: |
Προσθήκη ετικέτας
Δεν υπάρχουν, Καταχωρήστε ετικέτα πρώτοι!
|
MARC
| LEADER | 00000 a2200000 4500 | ||
|---|---|---|---|
| 003 | 004059 | ||
| 005 | 20221231143756.0 | ||
| 008 | 140114s1986 c m 000 ||s d | ||
| 040 | |c cru CEDI | ||
| 090 | |a TFG 1828 | ||
| 100 | |a Román González, Ricardo |9 16139 | ||
| 245 | |a Flujo de tránsito en los cuatro distritos centrales de San José | ||
| 260 | |c 1986 |a [San José, Costa Rica] | ||
| 300 | |a iv, 292 hojas : ilustraciones ; 28 cm | ||
| 500 | |a Proyecto de graduación (licenciatura en ingeniería civil)--Universidad de Costa Rica. Facultad de Ingeniería. Escuela de Ingeniería Civil | ||
| 650 | |x TRANSITO LOCAL - SAN JOSE (COSTA RICA) |9 12092 | ||
| 942 | |c TFG | ||
| 999 | |c 11733 |d 11733 | ||
